Statistics for All Slime Rancher Foods

Click here to take the quiz!

General Stats

  • This quiz has been taken 100 times
  • The average score is 13 of 20

Answer Stats

Favored ByCategoryAnswer% Correct
NoneVeggieCarrot
96%
Phosphor SlimeFruitCuberry
83%
NoneFruitPogofruit
82%
Rock SlimeVeggieHeart Beet
79%
NoneMeatHen Hen
79%
Honey SlimeFruitMint Mango
78%
Hunter SlimeMeatRoostro
73%
Tabby SlimeMeatStony Hen
73%
Crystal SlimeVeggieOdd Onion
71%
Tangle SlimeMeatPainted Hen
69%
Quantum SlimeFruitPhase Lemon
67%
Rad SlimeVeggieOca Oca
65%
Mosaic SlimeVeggieSilver Parsnip
65%
Boom SlimeMeatBriar Hen
64%
Gold SlimeVeggieGilded Ginger
58%
Dervish SlimeFruitPrickle Pear
55%
NoneMeatElder Hen
50%
NoneMeatElder Roostro
47%
NoneNoneSpicy Tofu
33%
NoneFruitKookadoba
29%

Score Distribution

Percentile by Number Answered

Percent of People with Each Score

Your Score History

You have not taken this quiz